| 000 | 00614 a2200193 4500 | ||
|---|---|---|---|
| 020 | _a0748743790 | ||
| 020 | _a9780748743797 | ||
| 082 | 0 | 4 | _a536.7 |
| 090 |
_c1489 _d1489 |
||
| 100 | 1 | _aFinn, C.B.P. | |
| 245 | 1 | 0 |
_aThermal physics, second edition / _cC.B.P. Finn. |
| 250 | _a2nd ed. | ||
| 260 |
_a[S.l.] : _bCRC Press, _c1993. |
||
| 300 |
_a272 p. ; _c22 cm. |
||
| 490 | 1 | _aPhysics and its applications. | |
| 830 | 0 | _aPhysics and its applications. | |
| 942 |
_aSNS _cBK _k536.7 FIN |
||
| 999 |
_c30100 _d30100 |
||